Foresight Southern - regional construction forecasts 2002 (Record no. 103790)

MARC details
000 -LEADER
fixed length control field 00940cam a2200289 4500
001 - CONTROL NUMBER
control field J127445
008 - FIXED-LENGTH DATA ELEMENTS--GENERAL INFORMATION
fixed length control field #DATE n2002 000 0 eng u
035 ## - SYSTEM CONTROL NUMBER
System control number (Sirsi) u127446
041 ## - LANGUAGE CODE
Language code of text/sound track or separate title eng
050 ## - LIBRARY OF CONGRESS CALL NUMBER
Classification number 338.4569
-- 18
110 ## - MAIN ENTRY--CORPORATE NAME
Corporate name or jurisdiction name as entry element Construction Forecasting and Research Ltd
9 (RLIN) 1829
245 ## - TITLE STATEMENT
Title Foresight Southern - regional construction forecasts 2002
260 ## - PUBLICATION, DISTRIBUTION, ETC.
Place of publication, distribution, etc. London
Name of publisher, distributor, etc. Construction Forecasting and Research Ltd.
Date of publication, distribution, etc. 2002
300 ## - PHYSICAL DESCRIPTION
Extent 2
Type of unit pt.
Dimensions 30cm.
490 ## - SERIES STATEMENT
Series statement CFR Foresight Regional Construction Forecasts
490 ## - SERIES STATEMENT
Series statement CFR Foresight Southern Regional Construction Forecasts
Volume/sequential designation 2(1-2)
505 ## - FORMATTED CONTENTS NOTE
Formatted contents note National overview
505 ## - FORMATTED CONTENTS NOTE
Formatted contents note Southern overview
505 ## - FORMATTED CONTENTS NOTE
Formatted contents note Greater London
505 ## - FORMATTED CONTENTS NOTE
Formatted contents note Rest of the South East
505 ## - FORMATTED CONTENTS NOTE
Formatted contents note South West
650 ## - SUBJECT ADDED ENTRY--TOPICAL TERM
Topical term or geographic name entry element CONSTRUCTION FORECASTS
650 ## - SUBJECT ADDED ENTRY--TOPICAL TERM
Topical term or geographic name entry element CONSTRUCTION INDUSTRY
650 ## - SUBJECT ADDED ENTRY--TOPICAL TERM
Topical term or geographic name entry element SOUTHERN ENGLAND
690 ## - LOCAL SUBJECT ADDED ENTRY--TOPICAL TERM (OCLC, RLIN)
Topical term or geographic name as entry element BUILT ENVIRONMENT-CONSTRUCTION MARKET
942 ## - ADDED ENTRY ELEMENTS (KOHA)
Suppress in OPAC 0
Holdings
Withdrawn status Lost status Source of classification or shelving scheme Damaged status Not for loan Home library Current library Shelving location Date acquired Serial Enumeration / chronology Total Checkouts Full call number Barcode Date last seen Date last checked out Copy number Price effective from Koha item type
    Dewey Decimal Classification     London London Folio 16/09/2004 V. 2 ISS 2 3 F338.4569 CON V. 2 ISS 2 30069534 06/08/2019 07/05/2009 1 06/08/2019 Book